Doctrina religionis r. catholicae de virtutibus theologicis fide, spe, et charitate, ...

Bibliographic Details
Main Author: Hőgyeszi, Martinus Ludovicus (Author)
Format: Book
Language:English
PhysicalDescription:272 s.
Published: Posonii Typis Georgii Aloysii Belnay 1806

MARC

LEADER 00000nam a2200000 a 4500
001 vtls008187514
003 SK-MaSNL
005 20260302074055.0
008 240318 000 0 eng
040 |a SNK  |b slo  |c SNK  |e AACR2 
100 1 |a Hőgyeszi, Martinus Ludovicus  |4 aut  |9 692145 
245 1 0 |a Doctrina religionis r. catholicae de virtutibus theologicis fide, spe, et charitate, ... 
260 |a Posonii  |b Typis Georgii Aloysii Belnay  |c 1806 
300 |a 272 s. 
999 |c 1163577  |d 1165507 
952 |a SNK  |b SNK  |y VYP  |7 0  |p 17A0481073  |o snkSD 16300 D1  |i snkF 2770/76  |8 5  |3 rekatalogizácia  |0 0  |1 0  |4 0  |d 2005-08-02  |l 0  |r 2026-02-24 20:40:44  |w 2026-02-24 
952 |a SNK  |b SNK  |y PREZ  |7 0  |p 17A0597318  |o snkSD 16300   |i snk3282/58  |0 0  |1 0  |4 0  |d 2008-10-01  |l 0  |r 2025-12-01 00:00:00  |w 2026-02-24